Roman civilization : selected readings /

محفوظ في:

مؤلفون آخرون: Lewis, Naphtali., Reinhold, Meyer, 1909-2002.

التنسيق: كتاب

اللغة: English

منشور في: New York : Columbia University Press, 1990.

الطبعة: 3rd ed.

الموضوعات:

الوسوم: إضافة وسم

لا توجد وسوم, كن أول من يضع وسما على هذه التسجيلة!

رقم الطلب: DG13 .L4 v.1-2

LEADER 00888namaa2200289 4500
001 22219
003 OSt
005 20260111135148.0
008 130303s1990 nyu b 000 0 eng d
010 |a 90033405 
020 |a 0231070551 
040 |c ARCE Library 
043 |a e------  |a ff-----  |a aw----- 
050 4 |a DG13 .L4 v.1-2 
245 0 0 |a Roman civilization :   |b selected readings /   |c edited by Naphtali Lewis and Meyer Reinhold. 
250 |a 3rd ed. 
264 1 |a New York :   |b Columbia University Press,   |c 1990. 
300 |a 2 volumes ;  |c 24 cm. 
504 |a Includes bibliographical references. 
505 0 |g v. 1.   |t The Republic and the Augustan Age --  |g v. 2.   |t The Empire. 
555 |a Sara.lib 
651 0 |a Rome  |x Civilization  |v Sources. 
700 1 |a Lewis, Naphtali. 
700 1 |a Reinhold, Meyer,   |d 1909-2002. 
901 |a reviewed 
942 |c BK  |2 lcc 
999 |c 20818  |d 20818